LEADER 00491nas a2200157 i 4500 001 000000130715 003 CaOOAMICUS 005 20041102000000.0 008 041102b xx uu u0 0und r 013 $a103552 040 $aSeMil$bita 245 10$aTitolo mancante. 773 0 $tENI.$dGenève : [s.n.], 1994.$x1421-3672$w()2243 850 $aSeMil 852 $aSeMil$W1$xVenegono$y1$m66 6 4-13$j84744$B84744$CSeMilBibl$Z2$F88231 $82 996 $6245$aTitolo mancante$9(OLS)http://semarc/title/46445 LEADER 00730nam a2200205 i 4500 001 000000081932 003 CaOOAMICUS 005 20180221000000.0 008 180221s1975 it u000 u ita u 013 $a54172 040 $aSeMil$bita 245 10$aTempo ordinario, domeniche 18.-34. 260 $aBologna :$bEDB,$c1975. 300 $a378 p. 773 0 $tBibbia della Domenica.$dBologna : EDB, 1972-1975.$gAnno A. Vol.4$w()4492 850 $aSeMil 852 $aSeMil$W1$xVenegono$y1$m3K VI 25$j47084$B47084$CSeMilBibl$Z2$F49531 $81 961 $aRecupero: Seminario di Seveso 996 $6245$aTempo ordinario, domeniche 18.-34$9(OLS)http://semarc/title/404832 996 $6260$aBologna :$bEDB$9(OLS)http://semarc/publisher/29669